| 000 | 00942nam0a22002411 4500 | ||
|---|---|---|---|
| 001 | rc\2872126 | ||
| 005 | 20110714194053.8 | ||
| 035 | _a(NLR Aleph) 007025427 | ||
| 090 |
_a5950256 _c5950256 |
||
| 100 | _a20110714d1927 |||y0rusy50 ca | ||
| 101 | 0 | _arus | |
| 102 | _aRU | ||
| 105 | _aa z ||||| | ||
| 200 | 1 |
_aЗащита транспорта от воздушно-химического нападения средствами самого транспорта _fОтд-ние воен. сообщений при Ленингр. ин-те инженеров путей сообщения |
|
| 210 |
_aЛенинград _cБ. и. _d1927 |
||
| 215 |
_a[1], VII, 163 с. _cил. _d27 см |
||
| 300 | _aОтпеч. множит. аппаратом | ||
| 700 | 1 |
_aВолков _bС. М. _f1871- _gСергей Матвеевич |
|
| 801 | 0 |
_aRU _bNLR _gpsbo |
|
| 801 | 1 |
_aRU _bELAR _2rusmarc |
|
| 852 |
_aNLR _j66-8/410 |
||
| 942 | _cBOOK | ||
| 980 | _aNB | ||